00434nam a2200157Ia 45000010006000000050017000060080041000230410008000640820016000721000038000882450097001262600009002233000028002326500008002606540008002681329020260306164750.0260306t2009||||xx |||||||||||||| ||spa|| aESP a001.42bL21 aDe la Lama García, AlfredoeAUT 0aInvestigaciones científicas:blos acuerdos sociales y los procesos creativos de la ciencia c2009 a117 páginas :c23 cm. aGEN aCHU